000 00686nam a22001815i 4500
001 164126
003 ES-MaACL
005 20250729085454.0
008 050726s1892 it | |||||||| ||ita d
040 _aCAM
_bspa
_cCAM
100 1 _aRuffini, Francesco.
_9132165
245 1 3 _aLa buona fede in materia di prescrizione
_b: storia de la teoria canonistica /
_cFrancesco Ruffini.
260 _aTorino [etc.] :
_bFratelli Bocca editori,
_c1892 (
_fTip. Carlo Guadagnini)
300 _a180 p. ;
_c23 cm.
650 7 _aDerecho canĂ³nico
_2embne
_911655
852 _aES-MaACL
_jT-1433-F-1
_z-- Enc. hol. conservando la cub. original
_z-- Enc. en un vol. facticio
999 _c164126
_d164126